El conde Lucanor
Sparad:
| Huvudupphovsman: | |
|---|---|
| Materialtyp: | Bok |
| Språk: | Undetermined |
| Publicerad: |
Buenos Aires, Argentina
Espasa Calpe
1947
|
| Ämnen: | |
| Taggar: |
Lägg till en tagg
Inga taggar, Lägg till första taggen!
|
MARC
| LEADER | 00000nam a2200000Ia 4500 | ||
|---|---|---|---|
| 008 | 170316s9999 xx 000 0 und d | ||
| 040 | |a cru BVZT | ||
| 090 | |a 862 J-7c | ||
| 100 | |a Juan Manuel, Infante don | ||
| 245 | |a El conde Lucanor | ||
| 260 | |a Buenos Aires, Argentina | ||
| 260 | |b Espasa Calpe | ||
| 260 | |c 1947 | ||
| 300 | |a 168 páginas | ||
| 650 | |a LITERATURA ESPAÑOLA | ||
| 650 | |a OBRA NARRATIVA - LITERATURA ESPAÑOLA MEDIEVAL | ||
| 650 | |a CUENTOS | ||
| 999 | |c 10039 |d 10039 | ||
| 942 | |c 15 D |h 862 J-7c |2 z | ||
